000
00230nam a2200097Ia 4500
005
20251222114402.0
008
251222s1900||||xx |||||||||||||| ||spa||
082
_a
DVD0110/P64/2007/Ej.2
245
0
_a
Los cortos de Pixar:
942
_c
DVD
999
_c
1687
_d
1687